000
00310nam a22001217a 4500
008
180420b xxu||||| |||| 00| 0 eng d
041
_a
eng
080
_a
043.3
100
_a
0
101
_a
MEK-BTH
245
_a
Krahasimi i sistemit të thjeshtë me atë no-frost tek frigoriferët
_c
Luma,V
942
_2
udc
_c
BK
999
_c
45331
_d
45331